000 00985naa a22002777a 4500
001 BR7703579
003 BR-BrBNA
005 20250714141740.0
007 ta
008 250630b bl.|||m| |||| 00| 0 por d
040 _aBR-BrBNA
_bpor
_cBiblioteca Nacional de Agricultura
041 _a(Pt)
072 _aK10
_b3240
090 _aK10 BR7703579
100 1 _aArruda Junior, G.P. de
111 1 _a9. Congresso Brasileiro de Engenharia Sanitaria
_cBelo Horizonte, MG (Brazil)
_dJul 1977
245 1 _aUtilizacao de especies de Eucalyptus nas etapas iniciais de reflorestamentos protetores
500 _aMeio ambiente. Varios estudos Rio de Janeiro, RJ (Brasil): 1977. p. 97-100 [19 ref.; Summaries (En, Pt)] (BR7703579-AMS)
650 _aProducao florestal
650 _aEucalipto
650 _aReflorestamento
650 _aConservacao do solo
490 _aCadernos FEEMA. Serie Tecnica (Brazil)
_vno. 2
942 _cAMS
_2AGRIS
909 _a202506
_bLúcia
_c55
_dLúcia Elande
999 _c333023
_d333023